| 000 | 003550000a22001450004500 | ||
|---|---|---|---|
| 003 | MACL | ||
| 040 | _aMACL | ||
| 090 |
_c6199 _d6198 |
||
| 100 | _aSharma, Jagdish Saran | ||
| 245 | _aReference Service And Sources Of Information | ||
| 260 |
_bEss Ess Publications _c1987 |
||
| 350 | _a175 | ||
| 650 | _aLibrary And Information Science | ||
| 942 |
_cBOOK _k020 |
||
| 999 |
_c6151 _d6151 |
||